Navier-Stokes equations / (Record no. 593857)

000 -LEADER
fixed length control field 01289pam a2200325 a 4500
001 - CONTROL NUMBER
control field 4801258
005 - DATE AND TIME OF LATEST TRANSACTION
control field 20230320123746.0
008 - FIXED-LENGTH DATA ELEMENTS--GENERAL INFORMATION
fixed length control field 880712s1988 ilu b 001 0 eng
010 ## - LIBRARY OF CONGRESS CONTROL NUMBER
LC control number 88013122
020 ## - INTERNATIONAL STANDARD BOOK NUMBER
International Standard Book Number 0226115488
020 ## - INTERNATIONAL STANDARD BOOK NUMBER
International Standard Book Number 0226115496 (pbk.)
040 ## - CATALOGING SOURCE
Original cataloging agency DLC
Transcribing agency DLC
Modifying agency DLC
050 00 - LIBRARY OF CONGRESS CALL NUMBER
Classification number QA374
Item number .C655 1988
082 00 - DEWEY DECIMAL CLASSIFICATION NUMBER
Classification number 532.0527
Edition number 19
Author Mark CON
100 1# - MAIN ENTRY--PERSONAL NAME
Personal name Constantin, P.
Fuller form of name (Peter),
Dates associated with a name 1951-
9 (RLIN) 110644
245 10 - TITLE STATEMENT
Title Navier-Stokes equations /
Statement of responsibility, etc. Peter Constantin and Ciprian Foias.
260 ## - PUBLICATION, DISTRIBUTION, ETC.
Place of publication, distribution, etc. Chicago :
Name of publisher, distributor, etc. University of Chicago Press,
Date of publication, distribution, etc. 1988.
300 ## - PHYSICAL DESCRIPTION
Extent ix, 190 p. ;
Dimensions 21 cm.
440 #0 - SERIES STATEMENT/ADDED ENTRY--TITLE
Title Chicago lectures in mathematics
9 (RLIN) 110645
500 ## - GENERAL NOTE
General note Includes index.
504 ## - BIBLIOGRAPHY, ETC. NOTE
Bibliography, etc. note Bibliography: p. 185-188.
650 #0 - SUBJECT ADDED ENTRY--TOPICAL TERM
Topical term or geographic name entry element Navier-Stokes equations.
9 (RLIN) 110646
700 1# - ADDED ENTRY--PERSONAL NAME
Personal name Foiaş, Ciprian.
9 (RLIN) 110647
856 42 - ELECTRONIC LOCATION AND ACCESS
Materials specified Publisher description
Uniform Resource Identifier <a href="http://www.loc.gov/catdir/description/uchi052/88013122.html">http://www.loc.gov/catdir/description/uchi052/88013122.html</a>
856 42 - ELECTRONIC LOCATION AND ACCESS
Materials specified Contributor biographical information
Uniform Resource Identifier <a href="http://www.loc.gov/catdir/enhancements/fy0609/88013122-b.html">http://www.loc.gov/catdir/enhancements/fy0609/88013122-b.html</a>
856 41 - ELECTRONIC LOCATION AND ACCESS
Materials specified Table of contents only
Uniform Resource Identifier <a href="http://www.loc.gov/catdir/enhancements/fy0608/88013122-t.html">http://www.loc.gov/catdir/enhancements/fy0608/88013122-t.html</a>
906 ## - LOCAL DATA ELEMENT F, LDF (RLIN)
a 7
b cbc
c orignew
d 1
e ocip
f 19
g y-gencatlg
942 ## - ADDED ENTRY ELEMENTS (KOHA)
Source of classification or shelving scheme
Koha item type Book
Holdings
Withdrawn status Lost status Source of classification or shelving scheme Damaged status Not for loan Permanent Location Current Location Shelving location Date acquired Full call number Barcode Date last seen Price effective from Koha item type
          School of Mechanical & Manufacturing Engineering (SMME) School of Mechanical & Manufacturing Engineering (SMME) Aerospace Engineering 03/20/2023 532.0527 CON SMME-4365 03/20/2023 03/20/2023 Book
© 2023 Central Library, National University of Sciences and Technology. All Rights Reserved.